The price of darkness (Record no. 81218)

MARC details
000 -LEADER
fixed length control field 01443cab a22002295a 4500
001 - CONTROL NUMBER
control field L146641
008 - FIXED-LENGTH DATA ELEMENTS--GENERAL INFORMATION
fixed length control field 090210e20090206xxka f g 000 0 eng d
035 ## - SYSTEM CONTROL NUMBER
System control number (Sirsi) u146641
041 0# - LANGUAGE CODE
Language code of text/sound track or separate title eng
100 1# - MAIN ENTRY--PERSONAL NAME
Personal name Tolson, Simon
245 04 - TITLE STATEMENT
Title The price of darkness
260 ## - PUBLICATION, DISTRIBUTION, ETC.
Date of publication, distribution, etc. 2009
490 ## - SERIES STATEMENT
Series statement Building
Volume/sequential designation 274(8565) 6 February 2009, 51(1)
520 ## - SUMMARY, ETC.
Summary, etc. Article looks at recent right to light cases in the courts and advises practitioners to be aware of private rights and to factor them in to development plans from an early stage. Mentions that damages are meant to be compensatory as opposed to punitive and suggests that the courts will generally be capable of determining between petitioners who are genuinely concerned about the effects of new developments and those who are simply seeking increased material returns for inconvenience that may, in reality, be fairly minimal. Mentions that compensation by damages is only meant to be exercised in exceptional circumstances and states that the burden of proving why it is appropriate to pay 'buy out' damages falls upon the developer to prove.
590 ## - LOCAL NOTE (RLIN)
Local note KA
650 24 - SUBJECT ADDED ENTRY--TOPICAL TERM
Topical term or geographic name entry element FORSYTH-GRANT V ALLEN
650 24 - SUBJECT ADDED ENTRY--TOPICAL TERM
Topical term or geographic name entry element TAMARES (VINCENT SQUARE) LTD V FAIRPOINT PROPERTIES (VINCENT SQUARE) LTD
650 24 - SUBJECT ADDED ENTRY--TOPICAL TERM
Topical term or geographic name entry element WROTHAM PARK ESTATE CO LTD V PARKSIDE HOMES LTD
651 #4 - SUBJECT ADDED ENTRY--GEOGRAPHIC NAME
Geographic name England and Wales
Chronological subdivision 1543-
690 ## - LOCAL SUBJECT ADDED ENTRY--TOPICAL TERM (OCLC, RLIN)
Topical term or geographic name as entry element PROPERTY-PROPERTY MANAGEMENT-EASEMENTS-RIGHTS TO LIGHT DETERMINATION
942 ## - ADDED ENTRY ELEMENTS (KOHA)
Suppress in OPAC 0
Holdings
Withdrawn status Lost status Source of classification or shelving scheme Damaged status Not for loan Home library Current library Shelving location Date acquired Total Checkouts Full call number Barcode Date last seen Copy number Price effective from Koha item type
    Dewey Decimal Classification     London London Journal article 10/02/2009   L146641 146641-1001 06/08/2019 1 06/08/2019 Journal article